00897nam a2200241Ia 4500003000400000005001700004008004100021020001800062040000700080041001200087082001500099100003200114245002700146260004800173300002800221365001300249520013700262650005600399906002700455942001200482999001900494952014200513OSt20250826120930.0210423s2005 xx 000 0 und d a9788171419771 cAL aEnglish a323b NARW aLakshmi M Narasaiah9122871 aWomen and human rights aNew DelhibDiscovery Publishing Housec2005 av,132P.bHBc22x14.8cm. b350cINR aPromotion of women; Women and poverty; Equal opportunities women in the community; Women in authority; Lightening the load for women aCivil & Political Rights91228722Political Science ahuman ; rights ; Women 2ddccBK c174091d174091 001040708MSWaSACPGbSACPGd2005-08-24eAlka Prakashang350.00l1o323 NARWpPG020756r2022-09-19 00:00:00s2022-09-16w2021-04-26yBK